Deriváty sulfonylurey: ich miesto v liečbe pacientov s diabetes mellitus

Bibliographic Details
Main Author: Schroner, Zbynek (Author)
Format: Article
Language:Slovak
PhysicalDescription:Fotogr., tab.
ISSN:1335-4477
Subjects:

MARC

LEADER 00000nab a2200000 a 4500
001 vtls008826991
003 SK-MaSNL
005 20260304175254.0
008 140303c2006 xo wrzp 0 0slo
015 |a SNBRB2006/06  |2 snkbucl 
040 |a SNKBUCL  |b slo  |c SNKBUCL  |e AACR2 
041 0 |a slo 
044 |a xo  |c SK 
080 |a 616.379-008.64-085  |2 1997 
080 |a 615.272  |2 1997 
100 1 |a Schroner, Zbynek  |4 aut  |9 267142 
245 1 0 |a Deriváty sulfonylurey: ich miesto v liečbe pacientov s diabetes mellitus  |c Zbynek Schroner 
300 |b Fotogr., tab. 
650 0 7 |a antidiabetiká  |2 snkbucl  |9 14191 
650 0 7 |a diabetes mellitus  |2 snkbucl  |9 72741 
650 0 7 |a sulfonylurea  |x deriváty  |2 snkbucl  |9 1507499 
773 0 |t Zdravotnícke noviny  |g Roč. XI, č. 14 (2006)  |x 1335-4477 
773 0 8 |t Lekárske listy  |g Č. 14 (2006), s. 24-27 
852 |a SNK  |b KIS3GCP 
958 |a ME 
958 |a SK 
999 |c 3012811  |d 3014741